LEADER 00745nam0-22002891i-450- 001 990006514930403321 005 20001010 035 $a000651493 035 $aFED01000651493 035 $a(Aleph)000651493FED01 035 $a000651493 100 $a20001010d--------km-y0itay50------ba 101 0 $aita 105 $ay-------001yy 200 1 $a<>Dichter und ihre Heimat$fArthur Hany 210 $aBern-Munchen$cFrancke$d1978. 215 $a108 p.$d22 cm 676 $a831 700 1$aHany,$bArthur$0245390 801 0$aIT$bUNINA$gRICA$2UNIMARC 901 $aBK 912 $a990006514930403321 952 $aXV TA 112$b19911$fFSPBC 959 $aFSPBC 996 $aDichter und ihre Heimat$9620962 997 $aUNINA DB $aGEN01 LEADER 04056nam 22007093u 450 001 9910465843203321 005 20210108143847.0 010 $a0-203-83267-1 010 $a1-299-28555-4 010 $a1-136-83798-1 035 $a(CKB)2560000000099677 035 $a(EBL)1144418 035 $a(OCoLC)831119771 035 $a(SSID)ssj0000621207 035 $a(PQKBManifestationID)12236956 035 $a(PQKBTitleCode)TC0000621207 035 $a(PQKBWorkID)10616811 035 $a(PQKB)11034926 035 $a(MiAaPQ)EBC1144418 035 $a(EXLCZ)992560000000099677 100 $a20131216d2013|||| u|| | 101 0 $aeng 135 $aur|n|---||||| 181 $ctxt 182 $cc 183 $acr 200 10$aCBT for Psychosis$b[electronic resource] $eA Symptom-based Approach 210 $aHoboken $cTaylor and Francis$d2013 215 $a1 online resource (290 p.) 225 1 $aThe International Society for Psychological and Social Approaches to Psychosis Book Series 300 $aDescription based upon print version of record. 311 $a0-415-54946-9 327 $aCover; Title Page; Copyright Page; Contents; Figures and tables; Contributors; Acknowledgements; Preface; Part I Cognitive models of psychosis and their assessment; 1 Introduction: CBT for psychosis: A symptom-based approach; 2 Cognitive models of auditory hallucinations; 3 Cognitive models for delusions; 4 Assessment for symptoms of psychosis; Part II The practice of CBT for persons with psychotic symptoms; 5 The therapeutic alliance in cognitive behavioral therapy for psychosis; 6 Using normalising in cognitive behaviourl therapy for schizophrenia 327 $a7 Cognitive behaviour theraphy and early intervention8 Command hallucinations; 9 Cogntive characterization and therapy of negative symptoms and formal thought disorder; 10 Staying well After Psychosis; 11 Implementing cognitive behaviour therapy for psychosis; Part III CBT and co-occurring problems; 12 The treatment of substance misuse in people with serious mental disorders; 13 treating trauma in people with first-episode psychosis using cognitive behavioural therapy; 14 Integrating the family in the treatment of psychotic disorders 327 $a15 Psychological interventions to improve work outcomes for people with psychiatric disabilitiesPart IV CBT and bipolar disoders; 16 The psychology of bipolar disorders; 17 Cognitive theory and therapy of bipolar disorders; Name index; Subject index 330 $aThis book offers a new approach to understanding and treating psychotic symptoms using Cognitive Behavioural Therapy (CBT). CBT for Psychosis shows how this approach clears the way for a shift away from a biological understanding and towards a psychological understanding of psychosis. Stressing the important connection between mental illness and mental health, further topics of discussion include:the assessment and formulation of psychotic symptomshow to treat psychotic symptoms using CBTCBT for specific and co-morbid conditions CBT of 410 4$aThe International Society for Psychological and Social Approaches to Psychosis Book Series 606 $aPsychoses$xTreatment 606 $aCognitive therapy 606 $aPsychotic Disorders$xtherapy 606 $aBipolar Disorder$xtherapy 606 $aCognitive Behavioral Therapy 606 $aHallucinations$xtherapy 608 $aElectronic books. 615 0$aPsychoses$xTreatment 615 0$aCognitive therapy 615 12$aPsychotic Disorders$xtherapy. 615 22$aBipolar Disorder$xtherapy. 615 22$aCognitive Behavioral Therapy. 615 22$aHallucinations$xtherapy. 676 $a616.89142 700 $aHagen$b Roger$f1968-$0877154 701 $aTurkington$b Douglas$0877155 701 $aBerge$b Torkil$0877156 701 $aGra?we$b Rolf W$0877157 801 0$bAU-PeEL 801 1$bAU-PeEL 801 2$bAU-PeEL 906 $aBOOK 912 $a9910465843203321 996 $aCBT for Psychosis$91958538 997 $aUNINA LEADER 03648nam 2200493 450 001 9910796458303321 005 20230809225620.0 010 $a3-504-38453-0 024 7 $a10.9785/9783504384531 035 $a(CKB)3800000000419758 035 $a(MiAaPQ)EBC5158399 035 $a(DE-B1597)490510 035 $a(OCoLC)1024046038 035 $a(DE-B1597)9783504384531 035 $a(Au-PeEL)EBL5158399 035 $a(OCoLC)1088328048 035 $a(EXLCZ)993800000000419758 100 $a20190307d2017 uy 0 101 0 $ager 135 $aurcnu|||||||| 181 $ctxt$2rdacontent 182 $cc$2rdamedia 183 $acr$2rdacarrier 200 14$aDie Akte Jeanne d'Arc $eProzess- und Vollstreckungsbericht 1431 : Urteilsanalyse und Thesen zur Verteidigung /$fvon Michael Streck und Annette Rieck 210 1$aKo?ln :$cOtto Schmidt,$d[2017] 210 4$d©2017 215 $a1 online resource (224 pages) 311 $a3-504-06757-8 327 $tFrontmatter -- $tProlog -- $tInhalt -- $tProzesstagebuch -- $tDie handelnden Personen -- $tDer Weg zum Verurteilungsprozess -- $tGefangenschaft und Vorbereitung des Prozesses -- $tPanorama des Prozesses -- $tVorwurf und Anklage -- $tDie Organe des Prozesses -- $tDie Vorermittlungen -- $tAussagepflicht und -verweigerung, Belehrung und Vereidigung -- $tJeannes Aussage vor der Inquisition -- $tDie "Stimmen" und Prophezeiungen -- $tLetzte Schritte vor Beginn des ordentlichen Verfahrens -- $tDie Anklageschrift -- $tJeannes Verteidigungsmöglichkeiten -- $tJeanne in der Streitbefestigung (Litis contestatio - Festlegung der streitigen Punkte) -- $tZeugen und Sachverständige -- $t"Liebevolle Ermahnungen" und das Angesicht der Folter: Der Weg zur Conclusio in causa -- $tDie Haft -- $tLetztes Wort und erstes Urteil -- $tWiderruf und Abschwörung -- $tDas zweite Urteil und sein Vollzug -- $tRückfall und drittes und letztes Urteil: Das Ende des Verurteilungsprozesses -- $tDie Vollstreckung -- $tAusblick: Der Nichtigkeits- oder Rechtfertigungsprozess (Procès en Nullité de la Condamnation) -- $tRechtliche Bewertung des Verurteilungsprozesses -- $tDas dritte Verfahren: Die Heiligsprechung -- $tAnhang -- $tLiteraturverzeichnis -- $tSachverzeichnis 330 $aEine Heilige, waffenklirrend, im Männersitz reitend und das französische Heer anführend, hat auf den ersten Blick schon etwas außerordentlich Faszinierendes an sich. Soweit man sieht, ist das Phänomen ?Jeanne d?Arc? dann auch unter wohl fast jedem denkbaren Aspekt näherer Untersuchung unterzogen worden. Was es anscheinend jedoch nie gegeben hat, ist eine Analyse ihres Prozesses aus anwaltlicher Sicht. Das vorliegende Buch untersucht das historische Verfahren vor allem auch vor der Fragestellung, wie man die Angeklagte hätte verteidigen können? Konnte man sie überhaupt verteidigen? Hätte man eine Chance gehabt? Vermutlich ja. Aber wollte sie eine Verteidigung? Vermutlich nein: Jeanne d?Arc war voller Zuversicht, ?ihre? Heiligen würden sie retten. Das Buch von Streck/Rieck weist verblüffende aktuelle Bezüge auf: Es bedarf keiner Gedankenakrobatik, um vom Sieg über die Engländer in Orléans bis zum Brexit eine Linie zu ziehen. 606 $aTrials (Heresy)$zFrance 606 $aTrials (Witchcraft)$zFrance 615 0$aTrials (Heresy) 615 0$aTrials (Witchcraft) 676 $a944.026092 700 $aStreck$b Michael$01489197 702 $aRieck$b Annette 801 0$bMiAaPQ 801 1$bMiAaPQ 801 2$bMiAaPQ 906 $aBOOK 912 $a9910796458303321 996 $aDie Akte Jeanne d'Arc$93709809 997 $aUNINA